000 00344nam a2200133Ia 4500
008 231129s9999||||xx |||||||||||||| ||spa||
020 _a84-7530-598-8
040 _bspa
082 _a659.1 o35c
100 _aOgilvy David
245 0 _aConfesiones de un publicitario
264 _aOrbis
942 _2ddc
_cBKS
999 _c7898
_d7898